The pool of fire /

Hlavní autor: Christopher, John, 1922-2012
Další autoři: Eyre, A. G., Brett, Bernard
Jazyk: Angličtina
Vydáno: London : Longman, 1974
Vydání: 1. publ.
Edice: Longman structural readers. Fiction
Fyzický popis: 105 s., obr. příl. : il.
Knihy
Uloženo v:
LEADER 00867nam a22002532a 4500
001 000895481
003 CZ BrMZK
005 20120217101937.0
007 ta
008 080430s1974 xxka er|||||||||||eng d
040 |a BOA001  |b cze 
100 1 |a Christopher, John,  |d 1922-2012  |7 xx0010186  |4 aut 
245 1 4 |a The pool of fire /  |c John Christopher ; simplified by A.G. Eyre ; illustrated by Bernard Brett 
250 |a 1. publ. 
260 |a London :  |b Longman,  |c 1974 
300 |a 105 s., obr. příl. :  |b il. 
490 1 |a Longman structural readers. Fiction 
700 1 |a Eyre, A. G.  |q (Anthony Gascoigne)  |7 xx0041488  |4 adp 
700 1 |a Brett, Bernard  |4 ill 
830 0 |a Longman structural readers.  |p Fiction 
910 |a BOA001  |b 1-0813.613 
990 |a BK 
991 |b 200804 
996 7 |b 2619253843  |c 1-0813.613  |l MZK  |r Sklad / do 1 hodiny  |n 1  |w 000895481  |u 000010  |a 1  |e BOA001  |j MZK50  |s A